000 00514nam a2200193 a 4500
001 1772446534321
003 YourLibrary
005 20260302154701.0
008 260302s1995##################000#0#eng##
020 _a9780521483759
082 0 4 _a321.8
_bPRZ
100 1 _aPrzeworski, Adam,
_eauthor.
245 1 0 _aSustainable Democracy :
260 _bCambridge University Press,
_c1995.
300 _a162 pages
650 0 _aBusiness & Economics.
942 _cENGLISH
040 _aYourLibrary
_beng
_cYourLibrary
999 _c616400
_d616400